|
|
|
|
| LEADER |
00685nta a2200205 i 4500 |
| 001 |
dipl103254 |
| 005 |
20211222102651.0 |
| 008 |
211222s2019 hu om 0|| hun d |
| 040 |
|
|
|a SZTE Diploma Repozitórium
|b hun
|
| 041 |
|
|
|a hun
|
| 100 |
1 |
|
|a Marton Tamás
|
| 245 |
1 |
0 |
|a Termőhely hatása a sárgadinnye termőképességére és termésminőségére
|h [elektronikus dokumentum] /
|c Tamás Marton
|
| 260 |
|
|
|c 2019
|
| 300 |
|
|
|a 40
|
| 650 |
|
4 |
|a Agrár
|
| 650 |
|
4 |
|a Agricultural sciences
|
| 650 |
|
4 |
|a Vegetables
|
| 695 |
|
|
|a Sárgadinnye
|
| 700 |
2 |
|
|a Ledóné Darázsi Hajnalka
|e ths
|
| 856 |
4 |
0 |
|u http://diploma.bibl.u-szeged.hu/id/eprint/103254/2/2019_marton_tamas.pdf
|z Dokumentum-elérés
|